01245 2200361 4500001002100000005001500021035002000036007000300056008004100059020002200100040002200122082001500144084001700159090002100176090002200197100003200219245019100251300004900442440002900491650003800520650001600558700003300574700003100607700003700638850001200675504003300687264004500720336002100765337003000786338002300816999002200839990002200861INLIS00000000085287320191111103636 a0010-1119000281ta191111 2019 yoia b 0 0 ind d a978-979-28-3256-3 aYOPDYOGbinderda04a297.77b23 a297.77 END p aDEP 297.77 END p aCB-D.11 2019-16790 aEndah Dwi Atmajatiepenulis10aPegangan guru pendidikan agama islam dan budi pekerti :bSD/MI kelas V semester 1 /cpenulis, Endah Dwi Atmajati, Muhammad Nur Fadhil, Ma'sumatun Ni'mah; penyunting, Topaji Pandu Barudin axx, 204 halaman :bilustrasi, tabel ;c28 cm aPR : tersambung internet 4aMengajar--xAlat dan perlengkapan 4aAgama islam0 aMuhammad Nur Fadhilepenulis0 aMa'sumatun Ni'mahepenulis0 aTopaji Pandu BarudinePenyunting aYOPDYOG abibliografi halaman: 163-164 1aBantul :bPenerbit Intan Pariwara,c2019 2rdacontentateks 2rdamediaatanpa perantara 2rdacarrieravolume aCB-D.11/2019-1679 aCB-D.11/2019-1679